[Event "UKR-ch fin"]
[Site "Kharkov"]
[Date "2007.11.25"]
[Round "9"]
[White "Rogovski, Vladimir"]
[Black "Zinchenko, Yaroslav"]
[Result "1/2-1/2"]
[WhiteElo "2485"]
[BlackElo "2491"]
[PlyCount "40"]
[EventDate "2007.11.17"]
[EventType "swiss"]
[EventRounds "9"]
[EventCountry "UKR"]
[SourceTitle "EXT 2009"]
[Source "ChessBase"]
[SourceDate "2008.11.26"]
[SourceVersion "1"]
[SourceVersionDate "2008.11.26"]
[SourceQuality "1"]

1. e4 c5 2. Nf3 d6 3. c3 Nf6 4. Bd3 Nc6 5. h3 g6 6. 0-0 Bg7 7. Re1 0-0 8. Bf1 e5 9. d4 exd4 10. cxd4 cxd4 11. Nxd4 Nxd4 12. Qxd4 Re8 13. Qd3 Bf5 14. Nc3 d5 15. Bg5 Bxe4 16. Qb5 h6 17. Nxe4 dxe4 18. Rad1 Qe7 19. Bxf6 Qxf6 20. Rd7 Rab8 1/2-1/2

[Event "UKR-ch fin"]
[Site "Kharkov"]
[Date "2007.11.21"]
[Round "5"]
[White "Maximov, Dmitry"]
[Black "Rogovski, Vladimir"]
[Result "1/2-1/2"]
[WhiteElo "2488"]
[BlackElo "2485"]
[PlyCount "85"]
[EventDate "2007.11.17"]
[EventType "swiss"]
[EventRounds "9"]
[EventCountry "UKR"]
[SourceTitle "EXT 2009"]
[Source "ChessBase"]
[SourceDate "2008.11.26"]
[SourceVersion "1"]
[SourceVersionDate "2008.11.26"]
[SourceQuality "1"]

1. e4 c5 2. Nf3 e6 3. c3 Nf6 4. e5 Nd5 5. d4 cxd4 6. cxd4 b6 7. Bd3 Ba6 8. 0-0 Bxd3 9. Qxd3 Be7 10. Nc3 Nxc3 11. bxc3 Nc6 12. d5 exd5 13. Qxd5 Qc7 14. Bf4 0-0 15. Nd4 Nxd4 16. cxd4 Qc6 17. Qb3 Qe4 18. Be3 d6 19. Rfe1 Qf5 20. a4 Rab8 21. Qb5 dxe5 22. dxe5 Rfe8 23. Rad1 a5 24. Rd5 Bb4 25. Red1 h6 26. h3 Re6 27. R1d4 Rbe8 28. Rf4 Qh5 29. Rg4 Kh8 30. f4 Qf5 31. Bxb6 h5 32. Rg5 Qxf4 33. Rxh5+ Kg8 34. Bf2 Rc8 35. Rd1 Be7 36. Qb7 Re8 37. Rd4 Qc1+ 38. Kh2 g6 39. Rg4 Qc2 40. Qf3 Bf8 41. Rf5 Qc7 42. Bg3 Bg7 43. Rfg5 1/2-1/2

[Event "UKR-ch fin"]
[Site "Kharkov"]
[Date "2007.11.20"]
[Round "4"]
[White "Gasanov, Eldar"]
[Black "Rogovski, Vladimir"]
[Result "1-0"]
[WhiteElo "2503"]
[BlackElo "2485"]
[PlyCount "93"]
[EventDate "2007.11.17"]
[EventType "swiss"]
[EventRounds "9"]
[EventCountry "UKR"]
[SourceTitle "EXT 2009"]
[Source "ChessBase"]
[SourceDate "2008.11.26"]
[SourceVersion "1"]
[SourceVersionDate "2008.11.26"]
[SourceQuality "1"]

1. d4 Nf6 2. c4 e6 3. Nc3 Bb4 4. Qc2 0-0 5. a3 Bxc3+ 6. Qxc3 b6 7. Nf3 Bb7 8. e3 d6 9. Be2 Nbd7 10. 0-0 Qe7 11. b4 c5 12. Bb2 Rfc8 13. Rfd1 d5 14. dxc5 dxc4 15. Nd2 b5 16. a4 a6 17. Bf3 Bxf3 18. Nxf3 Qf8 19. axb5 axb5 20. Nd4 Rab8 21. Ra7 Nd5 22. Qe1 N7f6 23. f3 Qe8 24. Rda1 Nd7 25. Qd2 Nc7 26. Nc6 Nd5 27. Nxb8 Nxb8 28. e4 Ne7 29. Qd4 f6 30. Qd6 Nec6 31. Rb7 e5 32. Qd5+ Kh8 33. Rxb5 Nd4 34. Rxb8 Rxb8 35. Bxd4 Rd8 36. Qxc4 exd4 37. c6 Qe5 38. Rd1 h6 39. b5 d3 40. Rxd3 Rc8 41. Qd5 Qb2 42. h3 Ra8 43. Rd2 Ra1+ 44. Kh2 Qc1 45. Rd1 Qf4+ 46. Kh1 Ra3 47. Qd6 1-0

[Event "UKR-ch fin"]
[Site "Kharkov"]
[Date "2007.11.19"]
[Round "3"]
[White "Rogovski, Vladimir"]
[Black "Zubarev, Alexander2"]
[Result "1/2-1/2"]
[WhiteElo "2485"]
[BlackElo "2515"]
[PlyCount "116"]
[EventDate "2007.11.17"]
[EventType "swiss"]
[EventRounds "9"]
[EventCountry "UKR"]
[SourceTitle "EXT 2009"]
[Source "ChessBase"]
[SourceDate "2008.11.26"]
[SourceVersion "1"]
[SourceVersionDate "2008.11.26"]
[SourceQuality "1"]

1. e4 c5 2. Nf3 Nc6 3. d4 cxd4 4. Nxd4 Qb6 5. Nb3 Nf6 6. Bd3 d5 7. exd5 Nxd5 8. 0-0 g6 9. c4 Ndb4 10. Be4 Bg7 11. a3 Na6 12. Be3 Qc7 13. Nc3 0-0 14. Rc1 f5 15. Bf3 e5 16. Bd5+ Kh8 17. f4 e4 18. Qd2 Qe7 19. Qf2 Rd8 20. Nb5 Be6 21. Rfd1 Qf7 22. Qd2 Bxd5 23. cxd5 Ne7 24. Bd4 Rxd5 25. Nd6 Qe6 26. Bxg7+ Kxg7 27. Qc3+ Kg8 28. Nxb7 Rc8 29. Qe3 Rxc1 30. Rxc1 Qb6 31. N7c5 Nxc5 32. Nxc5 Qxb2 33. Kh1 Rd2 34. Rg1 Nd5 35. Qg3 Qc3 36. Ne6 Qf6 37. Ng5 h6 38. Nh3 Rd3 39. Qf2 Qd4 40. Qh4 Kg7 41. Qd8 Qf6 42. Qa8 Qe7 43. Rb1 Nb6 44. Qc6 Qd6 45. Qb7+ Qd7 46. Qb8 Rd1+ 47. Rxd1 Qxd1+ 48. Ng1 Qd7 49. Qe5+ Kh7 50. h4 Nc4 51. Qc5 Nb2 52. Ne2 Nd3 53. Qf8 Nf2+ 54. Kh2 Ng4+ 55. Kh3 h5 56. g3 Qb7 57. Nd4 e3 58. Nf3 Qxf3 1/2-1/2

[Event "UKR-chT 14th"]
[Site "Alushta"]
[Date "2007.04.26"]
[Round "6.2"]
[White "Rogovski, Vladimir"]
[Black "Oleksienko, Mikhailo"]
[Result "1-0"]
[WhiteElo "2493"]
[BlackElo "2560"]
[PlyCount "63"]
[EventDate "2007.04.22"]
[EventType "team-tourn"]
[EventRounds "9"]
[EventCountry "UKR"]
[SourceTitle "EXT 2019"]
[Source "ChessBase"]
[SourceDate "2018.10.10"]
[SourceVersion "1"]
[SourceVersionDate "2018.10.10"]
[SourceQuality "1"]
[WhiteTeam "Simferopol Taurida National Univ"]
[BlackTeam "Lwiw Ivan Franko University"]
[WhiteTeamCountry "UKR"]
[BlackTeamCountry "UKR"]

1. e4 c5 2. Nf3 Nc6 3. Bb5 g6 4. 0-0 Bg7 5. Bxc6 bxc6 6. Nc3 e5 7. d3 Ne7 8. Be3 d6 9. Nd2 0-0 10. f4 exf4 11. Bxf4 Be6 12. Qe1 c4 13. Kh1 cxd3 14. cxd3 h6 15. Qg3 d5 16. Be5 Bxe5 17. Qxe5 Qb8 18. Qf6 Qxb2 19. Nf3 dxe4 20. dxe4 Rad8 21. Rab1 Qa3 22. Rb7 Rd7 23. Rxd7 Bxd7 24. h4 Qc5 25. Ne5 Be6 26. Rf3 h5 27. Ne2 Kh7 28. Nf4 Bg4 29. Nxf7 Bxf3 30. Ne6 Bxg2+ 31. Kh2 Qd6+ 32. e5 1-0

[Event "Alushta Summer 3rd"]
[Site "Alushta"]
[Date "2006.06.24"]
[Round "9"]
[White "Rogovski, Vladimir"]
[Black "Tukhaev, Adam"]
[Result "1/2-1/2"]
[WhiteElo "2476"]
[BlackElo "2466"]
[PlyCount "68"]
[EventDate "2006.06.16"]
[EventType "tourn"]
[EventRounds "9"]
[EventCountry "UKR"]
[EventCategory "8"]
[SourceTitle "CBM 112 Extra"]
[Source "ChessBase"]
[SourceDate "2006.07.14"]
[SourceVersion "1"]
[SourceVersionDate "2006.07.14"]
[SourceQuality "1"]

1. e4 c5 2. Nf3 d6 3. d4 cxd4 4. Nxd4 Nf6 5. Nc3 g6 6. f4 Nc6 7. Nxc6 bxc6 8. e5 Nd7 9. exd6 exd6 10. Be3 Nf6 11. Qd2 Be7 12. Be2 0-0 13. 0-0 Ng4 14. Bxg4 Bxg4 15. Ne4 Re8 16. Ng3 Bh4 17. f5 Bxg3 18. fxg6 Bxh2+ 19. Kxh2 Qh4+ 20. Kg1 hxg6 21. Bg5 Qh5 22. Rf2 Re2 23. Rxe2 Bxe2 24. Re1 Re8 25. Be3 Bc4 26. b3 Bd5 27. c4 Be4 28. Qxd6 Qg4 29. Qd2 Re5 30. Bf4 Bxg2 31. Rxe5 Bd5+ 32. Kf1 Qh3+ 33. Ke2 Qf3+ 34. Ke1 Qh1+ 1/2-1/2

[Event "Alushta Summer 3rd"]
[Site "Alushta"]
[Date "2006.06.23"]
[Round "8"]
[White "Alexikov, Alexander"]
[Black "Rogovski, Vladimir"]
[Result "1-0"]
[WhiteElo "2404"]
[BlackElo "2476"]
[PlyCount "85"]
[EventDate "2006.06.16"]
[EventType "tourn"]
[EventRounds "9"]
[EventCountry "UKR"]
[EventCategory "8"]
[SourceTitle "CBM 112 Extra"]
[Source "ChessBase"]
[SourceDate "2006.07.14"]
[SourceVersion "1"]
[SourceVersionDate "2006.07.14"]
[SourceQuality "1"]

1. e4 c5 2. Nc3 Nc6 3. f4 d6 4. Nf3 g6 5. Bb5 Bg7 6. 0-0 Bd7 7. d3 a6 8. Bxc6 Bxc6 9. Qe1 Qd7 10. a4 b6 11. Qh4 Nf6 12. h3 0-0 13. f5 b5 14. Bh6 c4 15. Ng5 Rfe8 16. Bxg7 Kxg7 17. fxg6 hxg6 18. dxc4 bxc4 19. Qf4 Rh8 20. Nd5 Bxd5 21. exd5 Qa7+ 22. Kh1 Rac8 23. Rad1 Rhf8 24. c3 Qb7 25. Qd4 Qxb2 26. Ne4 Qe2 27. Nxf6 exf6 28. Qxf6+ Kg8 29. Rde1 Qd2 30. Re4 Qh6 31. Rff4 Qg7 32. Qxg7+ Kxg7 33. Rxc4 Rxc4 34. Rxc4 Rb8 35. Rc6 Rb3 36. c4 Rb4 37. a5 Ra4 38. Rxa6 Rxc4 39. Rxd6 Ra4 40. a6 Kf8 41. Rb6 Ke8 42. Kg1 Ra2 43. h4 1-0

[Event "Alushta Summer 3rd"]
[Site "Alushta"]
[Date "2006.06.21"]
[Round "6"]
[White "Orlov, Evgeny"]
[Black "Rogovski, Vladimir"]
[Result "0-1"]
[WhiteElo "2306"]
[BlackElo "2476"]
[PlyCount "98"]
[EventDate "2006.06.16"]
[EventType "tourn"]
[EventRounds "9"]
[EventCountry "UKR"]
[EventCategory "8"]
[SourceTitle "CBM 112 Extra"]
[Source "ChessBase"]
[SourceDate "2006.07.14"]
[SourceVersion "1"]
[SourceVersionDate "2006.07.14"]
[SourceQuality "1"]

1. e4 c5 2. Nc3 Nc6 3. f4 e6 4. Bb5 Nge7 5. Nf3 a6 6. Bxc6 Nxc6 7. 0-0 Be7 8. d3 0-0 9. Qe1 b5 10. Qg3 b4 11. Ne2 f5 12. Be3 Bb7 13. Qf2 d6 14. exf5 exf5 15. d4 cxd4 16. Nexd4 Qd7 17. Nxc6 Qxc6 18. Bd4 Bf6 19. Rad1 Rac8 20. Rd2 h6 21. Re1 Qd7 22. Be5 Bxf3 23. gxf3 Rc6 24. Red1 Be7 25. c4 Qc7 26. Bd4 Rxc4 27. Qe3 Kh7 28. Rg2 Bf6 29. b3 Bxd4 30. Rxd4 Rc1+ 31. Kf2 Rf6 32. Rd2 Ra1 33. Re2 a5 34. Kg3 Rg6+ 35. Kh3 Qf7 36. Qd4 Rf1 37. Qd3 Rg1 38. Qc2 d5 39. Rxg1 Rxg1 40. Rg2 Qh5+ 41. Kg3 Qg6+ 42. Kh3 Rxg2 43. Qxg2 Qxg2+ 44. Kxg2 g5 45. fxg5 hxg5 46. Kf2 Kg6 47. Ke3 Kf6 48. Kd4 Ke6 49. f4 gxf4 0-1

[Event "Alushta Summer 3rd"]
[Site "Alushta"]
[Date "2006.06.17"]
[Round "2"]
[White "Rogovski, Vladimir"]
[Black "Ivanov, Alexander Al"]
[Result "1-0"]
[WhiteElo "2476"]
[BlackElo "2419"]
[PlyCount "100"]
[EventDate "2006.06.16"]
[EventType "tourn"]
[EventRounds "9"]
[EventCountry "UKR"]
[EventCategory "8"]
[SourceTitle "CBM 112 Extra"]
[Source "ChessBase"]
[SourceDate "2006.07.14"]
[SourceVersion "1"]
[SourceVersionDate "2006.07.14"]
[SourceQuality "1"]

1. e4 d6 2. d4 Nf6 3. Nc3 c6 4. f4 Qa5 5. Bd3 e5 6. Nf3 Bg4 7. Be3 Qb6 8. Ne2 Nbd7 9. Qd2 Qc7 10. 0-0 Be7 11. Ng3 Nh5 12. Nxh5 Bxh5 13. h3 f6 14. Nh4 Bf7 15. Nf5 Bf8 16. Qf2 g6 17. Nxd6+ Qxd6 18. fxe5 Qe6 19. exf6 0-0-0 20. b3 Bb4 21. c3 Ba5 22. Rad1 Bc7 23. Bf4 Bxf4 24. Qxf4 Nf8 25. Be2 Qd6 26. e5 Qa3 27. Rd2 Ne6 28. Qe3 Kb8 29. Rfd1 Nc7 30. c4 Qa5 31. Bf3 h5 32. Kh1 Rhe8 33. h4 Rd7 34. a4 Red8 35. Rd3 a6 36. Be4 Qb6 37. Qd2 a5 38. Qc3 Ne6 39. d5 Nc5 40. e6 Nxd3 41. Rxd3 Qf2 42. Qe5+ Rd6 43. c5 Qxc5 44. exf7 Kc7 45. Rc3 Qf2 46. f8Q Qxh4+ 47. Kg1 Rxf8 48. dxc6 Qxf6 49. Qxa5+ Kb8 50. c7+ Kc8 1-0

[Event "RUS-chT2 13th"]
[Site "Sochi"]
[Date "2006.04.26"]
[Round "7"]
[White "Isupov, Vladimir"]
[Black "Rogovski, Vladimir"]
[Result "1/2-1/2"]
[WhiteElo "2421"]
[BlackElo "2476"]
[PlyCount "26"]
[EventDate "2006.04.20"]
[EventType "team-tourn"]
[EventRounds "11"]
[EventCountry "RUS"]
[SourceTitle "EXT 2007"]
[Source "ChessBase"]
[SourceDate "2006.11.23"]
[SourceVersion "1"]
[SourceVersionDate "2006.11.23"]
[SourceQuality "1"]

1. e4 c5 2. Nf3 Nc6 3. d4 cxd4 4. Nxd4 g6 5. c4 Bg7 6. Be3 Nf6 7. Nc3 Ng4 8. Qxg4 Nxd4 9. Qd1 Ne6 10. Rc1 d6 11. b4 b6 12. Qd2 Bb7 13. Be2 0-0 1/2-1/2

[Event "RUS-chT2 13th"]
[Site "Sochi"]
[Date "2006.04.24"]
[Round "5"]
[White "Rogovski, Vladimir"]
[Black "Gladyszev, Oleg"]
[Result "1-0"]
[WhiteElo "2476"]
[BlackElo "2430"]
[PlyCount "89"]
[EventDate "2006.04.20"]
[EventType "team-tourn"]
[EventRounds "11"]
[EventCountry "RUS"]
[SourceTitle "EXT 2007"]
[Source "ChessBase"]
[SourceDate "2006.11.23"]
[SourceVersion "1"]
[SourceVersionDate "2006.11.23"]
[SourceQuality "1"]

1. e4 c5 2. Nf3 Nc6 3. d4 cxd4 4. Nxd4 Nf6 5. Nc3 e5 6. Ndb5 d6 7. Bg5 a6 8. Na3 b5 9. Nd5 Be7 10. Bxf6 Bxf6 11. c3 Bg5 12. Nc2 0-0 13. a4 bxa4 14. Rxa4 a5 15. Bc4 Rb8 16. Ra2 Kh8 17. Nce3 Ne7 18. 0-0 Nxd5 19. Nxd5 f5 20. exf5 Bxf5 21. Qe2 Be6 22. Kh1 Bxd5 23. Bxd5 Qb6 24. f3 Bd8 25. Qd3 Qc5 26. Rd1 g6 27. Be4 Bc7 28. Qc2 Qc4 29. Bd5 Qh4 30. b3 Bb6 31. Ra4 Qe7 32. Qd2 Rbc8 33. Rg4 Rf6 34. Re1 Rcf8 35. Rc4 Bc5 36. b4 axb4 37. cxb4 Bb6 38. Rc6 Qa7 39. Qc1 Rb8 40. Qc4 Rf4 41. Be4 Bf2 42. Rc7 Qb6 43. Rc1 Bc5 44. Rd7 Qxb4 45. Qe6 1-0

[Event "RUS-chT2 13th"]
[Site "Sochi"]
[Date "2006.04.23"]
[Round "4"]
[White "Smirnov, Artem"]
[Black "Rogovski, Vladimir"]
[Result "0-1"]
[WhiteElo "2392"]
[BlackElo "2476"]
[PlyCount "170"]
[EventDate "2006.04.20"]
[EventType "team-tourn"]
[EventRounds "11"]
[EventCountry "RUS"]
[SourceTitle "EXT 2007"]
[Source "ChessBase"]
[SourceDate "2006.11.23"]
[SourceVersion "1"]
[SourceVersionDate "2006.11.23"]
[SourceQuality "1"]

1. d4 c5 2. d5 e5 3. c4 d6 4. e4 Be7 5. Nf3 Bg4 6. Nbd2 Nf6 7. Bd3 0-0 8. h3 Bd7 9. Qe2 Nh5 10. Nb1 Nf4 11. Bxf4 exf4 12. Nc3 Bf6 13. Qd2 Be5 14. Nxe5 dxe5 15. 0-0-0 Na6 16. g3 fxg3 17. f4 Qh4 18. f5 Nc7 19. Rhg1 Ne8 20. Rdf1 Nd6 21. Rf3 Kh8 22. Rfxg3 Rg8 23. Rg5 Qh6 24. h4 f6 25. R5g3 Qxd2+ 26. Kxd2 a6 27. h5 b5 28. b3 h6 29. a3 Rad8 30. cxb5 axb5 31. b4 c4 32. Be2 Ra8 33. Ra1 Ra7 34. Kc1 Rga8 35. Kb2 Be8 36. Rgg1 Kg8 37. Ra2 Kf8 38. Bf3 Nf7 39. Rga1 Ng5 40. Be2 Rb8 41. Kc2 Ke7 42. Bg4 Kd6 43. Kd2 Rba8 44. Ke3 Nh7 45. Bd1 Ng5 46. a4 Kc7 47. Be2 Kb6 48. d6 Bc6 49. Rd1 Rd7 50. Rad2 Nf7 51. axb5 Ra3 52. bxc6 Rxc3+ 53. Kf2 Kxc6 54. Rd5 Rxd6 55. b5+ Kd7 56. Ra1 Rxd5 57. Ra7+ Ke8 58. exd5 Nd6 59. b6 Rb3 60. Rxg7 Rxb6 61. Rc7 Rb2 62. Ke1 Kd8 63. Rc6 Kd7 64. Kd1 Rb5 65. Bxc4 Nxc4 66. Rxc4 Rxd5+ 67. Ke2 Rd4 68. Rc1 Rf4 69. Rg1 Rxf5 70. Rg6 Ke6 71. Rxh6 Kf7 72. Ke3 Rg5 73. Rh7+ Kg8 74. Ra7 Rxh5 75. Ke4 Rh7 76. Ra8+ Kf7 77. Kd5 Rh4 78. Ra7+ Kg6 79. Ke6 Rb4 80. Ra1 Rb6+ 81. Kd5 Rb8 82. Ke6 Re8+ 83. Kd7 Kf7 84. Rh1 e4 85. Rh7+ Kg6 0-1

[Event "PannonPower Kupa GM"]
[Site "Sikonda"]
[Date "2006.03.28"]
[Round "8"]
[White "Farago, Ivan"]
[Black "Rogovski, Vladimir"]
[Result "1/2-1/2"]
[WhiteElo "2526"]
[BlackElo "2498"]
[PlyCount "67"]
[EventDate "2006.03.21"]
[EventType "tourn"]
[EventRounds "9"]
[EventCountry "HUN"]
[EventCategory "9"]
[SourceTitle "EXT 2024"]
[Source "ChessBase"]
[SourceDate "2023.10.10"]
[SourceVersion "1"]
[SourceVersionDate "2023.10.10"]
[SourceQuality "1"]

1. d4 Nf6 2. c4 c5 3. d5 b5 4. cxb5 a6 5. e3 g6 6. Nc3 Bg7 7. e4 d6 8. Nf3 0-0 9. a4 Nbd7 10. Bd2 Ne8 11. Be2 axb5 12. axb5 Rb8 13. 0-0 Nc7 14. Ra5 Ne5 15. Nxe5 Bxe5 16. Qa4 Bd7 17. b4 f5 18. bxc5 dxc5 19. Qc4 Ne8 20. Ra7 Nd6 21. Qxc5 fxe4 22. Qb4 Bf5 23. Be3 Nc8 24. Ra6 Qc7 25. Nxe4 Bxh2+ 26. Kh1 Be5 27. Ng5 Qc2 28. Qd2 Qxd2 29. Bxd2 Nd6 30. Ra5 Rfc8 31. Nf3 Bf6 32. Rc1 Rxc1+ 33. Bxc1 Be4 34. Be3 1/2-1/2

[Event "PannonPower Kupa GM"]
[Site "Sikonda"]
[Date "2006.03.23"]
[Round "3"]
[White "Tihonov, Jurij"]
[Black "Rogovski, Vladimir"]
[Result "1/2-1/2"]
[WhiteElo "2492"]
[BlackElo "2498"]
[PlyCount "101"]
[EventDate "2006.03.21"]
[EventType "tourn"]
[EventRounds "9"]
[EventCountry "HUN"]
[EventCategory "9"]
[SourceTitle "EXT 2024"]
[Source "ChessBase"]
[SourceDate "2023.10.10"]
[SourceVersion "1"]
[SourceVersionDate "2023.10.10"]
[SourceQuality "1"]

1. d4 Nf6 2. c4 e6 3. Nf3 Bb4+ 4. Nbd2 0-0 5. a3 Be7 6. e4 d5 7. Bd3 c5 8. dxc5 dxe4 9. Nxe4 Nxe4 10. Bxe4 Qxd1+ 11. Kxd1 Bxc5 12. b4 Bxf2 13. c5 e5 14. Ke2 Bd4 15. Nxd4 exd4 16. Kd3 Nc6 17. Bf4 Be6 18. Rhe1 a6 19. Rab1 Rfd8 20. Bd6 Rd7 21. h3 Na7 22. a4 Nc8 23. Bh2 Ne7 24. g4 h5 25. Bf3 hxg4 26. hxg4 Nd5 27. Bd6 Nf6 28. Rg1 Ne8 29. Be5 Bd5 30. Bxd5 Rxd5 31. Rge1 Rc8 32. Re4 Nf6 33. Bxf6 gxf6 34. Rbe1 Kg7 35. Rxd4 Rg5 36. a5 Rc7 37. Rf4 Kg6 38. Ref1 Rc6 39. Kc4 Re5 40. Rd1 Rc7 41. Rd6 Re6 42. Kd5 Re5+ 43. Kd4 Re6 44. Re4 Rce7 45. Rexe6 fxe6 46. c6 bxc6 47. Rxc6 e5+ 48. Ke3 Ra7 49. Rb6 Kg5 50. Kf3 Ra8 51. Ke3 1/2-1/2

[Event "PannonPower Kupa GM"]
[Site "Sikonda"]
[Date "2006.03.22"]
[Round "2"]
[White "Rogovski, Vladimir"]
[Black "Papp, Gabor"]
[Result "0-1"]
[WhiteElo "2498"]
[BlackElo "2485"]
[PlyCount "78"]
[EventDate "2006.03.21"]
[EventType "tourn"]
[EventRounds "9"]
[EventCountry "HUN"]
[EventCategory "9"]
[SourceTitle "EXT 2024"]
[Source "ChessBase"]
[SourceDate "2023.10.10"]
[SourceVersion "1"]
[SourceVersionDate "2023.10.10"]
[SourceQuality "1"]

1. e4 c5 2. Nc3 e6 3. Nf3 a6 4. d4 cxd4 5. Nxd4 b5 6. Bd3 Qb6 7. Nf3 Nc6 8. a4 b4 9. a5 Nxa5 10. Na4 Qc7 11. Be3 Rb8 12. Nb6 Rxb6 13. Rxa5 Rb8 14. Qa1 Nf6 15. Bd4 Bb7 16. 0-0 Nxe4 17. Bxa6 Ra8 18. Ra2 Bd5 19. Bc4 Rxa2 20. Bxa2 Bb7 21. Qd1 Bc5 22. Bxc5 Qxc5 23. Bb3 Ba6 24. Re1 Qxf2+ 25. Kh1 Bb7 26. Re2 Qc5 27. Qe1 f5 28. Nd2 0-0 29. Nxe4 Bxe4 30. Qd2 d5 31. Qf4 Qd4 32. Rf2 Qxb2 33. h3 Qc3 34. Kh2 Rc8 35. Kg1 Qc7 36. Qd2 Ra8 37. Qd4 Qc3 38. Qb6 Qa1+ 39. Rf1 Qa7 0-1

[Event "Dnipropetrovsk 5th"]
[Site "Dnipropetrovsk"]
[Date "2005.12.15"]
[Round "10"]
[White "Kononenko, Dmitry"]
[Black "Rogovski, Vladimir"]
[Result "1-0"]
[WhiteElo "2451"]
[BlackElo "2503"]
[PlyCount "31"]
[EventDate "2005.12.07"]
[EventType "tourn"]
[EventRounds "11"]
[EventCountry "UKR"]
[EventCategory "6"]
[SourceTitle "CBM 109 Extra"]
[Source "ChessBase"]
[SourceDate "2006.01.03"]
[SourceVersion "2"]
[SourceVersionDate "2006.01.03"]
[SourceQuality "1"]

1. e4 d6 2. d4 Nf6 3. Nc3 g6 4. f4 c5 5. dxc5 Qa5 6. cxd6 Nxe4 7. Qd5 Nc5 8. Bb5+ Nbd7 9. Qxc5 Kd8 10. Qd4 Rg8 11. Bd2 exd6 12. 0-0-0 a6 13. Bxd7 Bxd7 14. Nd5 Qxa2 15. Qb6+ Ke8 16. Nf6+ 1-0

[Event "Dnipropetrovsk 5th"]
[Site "Dnipropetrovsk"]
[Date "2005.12.12"]
[Round "8"]
[White "Matjushin, Gennady"]
[Black "Rogovski, Vladimir"]
[Result "1/2-1/2"]
[WhiteElo "2425"]
[BlackElo "2503"]
[PlyCount "40"]
[EventDate "2005.12.07"]
[EventType "tourn"]
[EventRounds "11"]
[EventCountry "UKR"]
[EventCategory "6"]
[SourceTitle "CBM 109 Extra"]
[Source "ChessBase"]
[SourceDate "2006.01.03"]
[SourceVersion "2"]
[SourceVersionDate "2006.01.03"]
[SourceQuality "1"]

1. Nf3 c5 2. c4 Nf6 3. Nc3 e6 4. g3 Nc6 5. Bg2 Be7 6. 0-0 0-0 7. b3 b6 8. Bb2 Bb7 9. d4 cxd4 10. Nxd4 a6 11. Nxc6 Bxc6 12. Bxc6 dxc6 13. Qc2 Qc7 14. Rad1 Rfd8 15. Rxd8+ Rxd8 16. Rd1 Rxd1+ 17. Qxd1 Qd6 18. Qxd6 Bxd6 19. Kg2 b5 20. Kf3 Kf8 1/2-1/2

[Event "Dnipropetrovsk 5th"]
[Site "Dnipropetrovsk"]
[Date "2005.12.08"]
[Round "2"]
[White "Kozak, Leonid"]
[Black "Rogovski, Vladimir"]
[Result "1/2-1/2"]
[WhiteElo "2299"]
[BlackElo "2503"]
[PlyCount "134"]
[EventDate "2005.12.07"]
[EventType "tourn"]
[EventRounds "11"]
[EventCountry "UKR"]
[EventCategory "6"]
[SourceTitle "CBM 109 Extra"]
[Source "ChessBase"]
[SourceDate "2006.01.03"]
[SourceVersion "2"]
[SourceVersionDate "2006.01.03"]
[SourceQuality "1"]

1. d4 c5 2. d5 e5 3. c4 d6 4. e4 Be7 5. Nf3 Bg4 6. Nc3 Na6 7. Be3 Bxf3 8. Qxf3 Bg5 9. Qg4 Bxe3 10. fxe3 Qf6 11. Rd1 Qh6 12. Qg3 Nf6 13. Be2 Qg6 14. Qxg6 hxg6 15. g3 Nc7 16. 0-0 Rb8 17. Rf2 a6 18. a4 Ke7 19. Ra1 Na8 20. Kg2 Nb6 21. b3 Nbd7 22. h3 Nf8 23. Rh1 N8h7 24. Rff1 Ng5 25. Bd3 Rh6 26. h4 Ngh7 27. Nd1 Rh8 28. Nf2 g5 29. hxg5 Nxg5 30. Rxh6 Rxh6 31. Rb1 Rh8 32. a5 Kd8 33. Bc2 Kc7 34. Ra1 b6 35. axb6+ Kxb6 36. Ra2 Rb8 37. Ra1 a5 38. Ra2 Ra8 39. Ra4 Kb7 40. Bd3 Nd7 41. Nd1 Nb6 42. Ra3 a4 43. Nc3 axb3 44. Rxb3 f6 45. Be2 g6 46. Nb5 Nxe4 47. Bd3 Ra2+ 48. Kg1 Nxg3 49. Nxd6+ Ka6 50. Bxg6 Na4 51. Ne8 Nc3 52. d6 Nce2+ 53. Kg2 Nc1+ 54. Kxg3 Nxb3 55. Be4 Rd2 56. Bd5 Na5 57. d7 Nb7 58. Nc7+ Ka5 59. Ne6 Rxd5 60. cxd5 c4 61. Kf2 Kb4 62. Ke2 f5 63. d6 f4 64. exf4 exf4 65. Nxf4 Kc5 66. Ne6+ Kxd6 67. d8Q+ Nxd8 1/2-1/2

[Event "Kiev Chess Union-ch"]
[Site "Kiev"]
[Date "2005.10.16"]
[Round "9"]
[White "Nesterets, Anatoliy"]
[Black "Rogovski, Vladimir"]
[Result "1/2-1/2"]
[WhiteElo "2337"]
[BlackElo "2505"]
[PlyCount "148"]
[EventDate "2005.10.08"]
[EventType "tourn"]
[EventRounds "11"]
[EventCountry "UKR"]
[EventCategory "4"]
[SourceTitle "CBM 108 Extra"]
[Source "ChessBase"]
[SourceDate "2005.11.04"]
[SourceVersion "1"]
[SourceVersionDate "2005.11.04"]
[SourceQuality "1"]

1. d4 Nf6 2. Nf3 e6 3. Bg5 h6 4. Bh4 g5 5. Bg3 Bg7 6. Nfd2 Nh5 7. Be5 f6 8. e3 0-0 9. Qxh5 fxe5 10. Bd3 Qf6 11. 0-0 Nc6 12. d5 exd5 13. Nc3 Ne7 14. Nxd5 Nxd5 15. Bc4 Kh8 16. Bxd5 c6 17. Bb3 d5 18. e4 Be6 19. Qe2 Rad8 20. c4 d4 21. Qd3 c5 22. Ba4 Qe7 23. a3 a5 24. Nb3 Rf4 25. Nc1 Qf7 26. Bb5 Qg6 27. Ne2 Rg4 28. Ng3 Rf8 29. Ba4 Qf7 30. Rac1 Rf4 31. f3 h5 32. Bd1 g4 33. Be2 Bh6 34. fxg4 hxg4 35. Rcd1 b5 36. b3 a4 37. Nf5 Bxf5 38. Rxf4 Bxf4 39. exf5 Be3+ 40. Kh1 axb3 41. cxb5 b2 42. Qc2 Qxf5 43. Qxb2 d3 44. Bxd3 Qxd3 45. Qxe5+ Kg8 46. Qe6+ Kh7 47. Qe7+ Kg6 48. Qe6+ Kh5 49. Qe5+ Bg5 50. Qxg5+ Kxg5 51. h4+ Kf4 52. Rxd3 Ke4 53. Rd1 c4 54. Kh2 c3 55. Kg3 c2 56. Rc1 Kd3 57. a4 Ra8 58. h5 Rxa4 59. h6 Ra7 60. Kxg4 Rb7 61. Rh1 Rxb5 62. h7 Rb8 63. Kg5 Rb5+ 64. Kg6 Rb6+ 65. Kg7 Rb7+ 66. Kg6 Rb6+ 67. Kf5 Rb5+ 68. Kg4 Rb8 69. Kf5 Rb5+ 70. Ke6 Rb6+ 71. Kf5 Rb5+ 72. Ke6 Rb6+ 73. Kf5 Rb5+ 74. Kg6 Rb8 1/2-1/2

[Event "Kiev Chess Union-ch"]
[Site "Kiev"]
[Date "2005.10.15"]
[Round "8"]
[White "Rogovski, Vladimir"]
[Black "Galinsky, Timofey"]
[Result "0-1"]
[WhiteElo "2505"]
[BlackElo "2426"]
[PlyCount "68"]
[EventDate "2005.10.08"]
[EventType "tourn"]
[EventRounds "11"]
[EventCountry "UKR"]
[EventCategory "4"]
[SourceTitle "CBM 108 Extra"]
[Source "ChessBase"]
[SourceDate "2005.11.04"]
[SourceVersion "1"]
[SourceVersionDate "2005.11.04"]
[SourceQuality "1"]

1. e4 e6 2. d4 d5 3. Nc3 Nf6 4. Bg5 dxe4 5. Nxe4 Be7 6. Bxf6 Bxf6 7. Nf3 b6 8. Bb5+ c6 9. Bc4 0-0 10. c3 Bb7 11. Qe2 Qc7 12. Nxf6+ gxf6 13. Qe3 Ba6 14. Bb3 Nd7 15. 0-0-0 Kh8 16. Rhe1 Rg8 17. g3 Bb7 18. Nh4 a5 19. a3 b5 20. f4 b4 21. axb4 axb4 22. f5 bxc3 23. Qxc3 Ra1+ 24. Kc2 Rxd1 25. Kxd1 e5 26. Bxf7 Rd8 27. Kc2 exd4 28. Qd2 Ne5 29. Be6 Kg7 30. Kb1 Ba6 31. b3 Qd6 32. g4 Bd3+ 33. Kb2 Ra8 34. b4 Qxe6 0-1